[Event "Titled Tuesday intern op 06th July"]
[Site "Chess.com INT"]
[Date "2021.07.06"]
[Round "3"]
[White "Abrashkin, Boris Vladimirovich"]
[Black "Ibrahimli, Murad Sultanali"]
[Result "1-0"]
[WhiteElo "2407"]
[BlackElo "2436"]
[PlyCount "89"]
[EventDate "2021.07.06"]
[EventType "swiss (blitz)"]
[EventRounds "11"]
[EventCountry "USA"]
[SourceTitle "EXT 2022"]
[Source "ChessBase"]
[SourceDate "2021.10.06"]
[SourceVersion "1"]
[SourceVersionDate "2021.10.06"]
[SourceQuality "1"]

1. d4 d5 2. c4 c6 3. Nc3 Nf6 4. e3 e6 5. Nf3 Nbd7 6. Bd3 dxc4 7. Bxc4 b5 8. Bd3 a6 9. e4 c5 10. d5 c4 11. Bc2 Qc7 12. dxe6 fxe6 13. 0-0 Bb7 14. Ng5 Nc5 15. Be3 h6 16. Nxe6 Nxe6 17. e5 Qxe5 18. Bg6+ Ke7 19. Re1 Rd8 20. Qxd8+ Kxd8 21. Bb6+ Qc7 22. Rxe6 Qxb6 23. Rxb6 Kc7 24. Re6 Bc5 25. Kf1 Rd8 26. Rd1 Rxd1+ 27. Nxd1 Bd5 28. Re1 b4 29. Ne3 Be6 30. Rc1 Bxe3 31. fxe3 Kd6 32. Ke2 a5 33. h3 Kc5 34. g4 Nd7 35. Bf5 Nf8 36. Bxe6 Nxe6 37. Rf1 a4 38. Rf5+ Kc6 39. a3 c3 40. bxc3 bxa3 41. Rf1 Nc7 42. Ra1 Nb5 43. c4 Nd6 44. Rxa3 Nxc4 45. Rxa4 1-0

[Event "Titled Tuesday intern op 29th June"]
[Site "Chess.com INT"]
[Date "2021.06.29"]
[Round "1"]
[White "Abrashkin, Boris Vladimirovich"]
[Black "Kuderinov, Kirill"]
[Result "1-0"]
[WhiteElo "2407"]
[BlackElo "2409"]
[PlyCount "111"]
[EventDate "2021.06.29"]
[EventType "swiss (blitz)"]
[EventRounds "11"]
[EventCountry "USA"]
[SourceTitle "CBM 203 Extra"]
[Source "ChessBase"]
[SourceDate "2021.09.30"]
[SourceVersion "1"]
[SourceVersionDate "2021.09.30"]
[SourceQuality "1"]

1. d4 Nf6 2. c4 e6 3. Nc3 d5 4. cxd5 exd5 5. Bg5 Bb4 6. e3 0-0 7. a3 Be7 8. Bd3 Nbd7 9. Qc2 h6 10. Bh4 b6 11. Nge2 Bb7 12. 0-0 c5 13. dxc5 bxc5 14. Rad1 Rb8 15. Bf5 Bc6 16. Bg3 Rb7 17. Nf4 Nb6 18. Nfxd5 Nbxd5 19. e4 Qb6 20. exd5 Bd7 21. d6 Bd8 22. Bxd7 Nxd7 23. Rd2 Bf6 24. Nd5 Qb3 25. Nxf6+ Nxf6 26. Qxc5 Ne4 27. Qd5 Nxd2 28. Qxd2 Rd7 29. h3 Rb8 30. Be5 f6 31. Bc3 Qe6 32. Bb4 a5 33. Bxa5 Qxd6 34. Qe2 Qe7 35. Qc2 Rdb7 36. Bc3 Qe6 37. Rd1 Qb3 38. Qd3 Kh8 39. Re1 Qf7 40. a4 Re8 41. Rd1 Reb8 42. a5 Ra8 43. Qe4 Rba7 44. b4 Qb7 45. Qg4 Qf7 46. Bd4 Qc4 47. Bxa7 Qxg4 48. hxg4 Rxa7 49. Rd8+ Kh7 50. Rb8 Kg6 51. Rb6 Kg5 52. a6 g6 53. b5 f5 54. gxf5 Kxf5 55. Rb7 Kg4 56. Rxa7 1-0

[Event "Titled Tuesday intern op 29th June"]
[Site "Chess.com INT"]
[Date "2021.06.29"]
[Round "5"]
[White "Abrashkin, Boris Vladimirovich"]
[Black "Makhmudov, Shukhrat"]
[Result "0-1"]
[WhiteElo "2407"]
[BlackElo "2115"]
[PlyCount "50"]
[EventDate "2021.06.29"]
[EventType "swiss (blitz)"]
[EventRounds "11"]
[EventCountry "USA"]
[SourceTitle "CBM 203 Extra"]
[Source "ChessBase"]
[SourceDate "2021.09.30"]
[SourceVersion "1"]
[SourceVersionDate "2021.09.30"]
[SourceQuality "1"]

1. d4 Nf6 2. c4 e6 3. Nc3 Bb4 4. f3 c5 5. d5 exd5 6. cxd5 Bxc3+ 7. bxc3 d6 8. e4 Nh5 9. g4 Qh4+ 10. Kd2 Ng3 11. Qe1 Nxf1+ 12. Qxf1 Nd7 13. Kc2 Ne5 14. Bf4 Bd7 15. Bxe5 dxe5 16. Ne2 Bb5 17. a4 Bc4 18. Qe1 Qf6 19. Qf2 Qa6 20. Ng3 Bd3+ 21. Kd2 Rc8 22. Qe3 c4 23. Qg5 Qb6 24. Qxe5+ Kf8 25. Nf5 Qf2+ 0-1

[Event "Titled Tuesday intern op 29th June"]
[Site "Chess.com INT"]
[Date "2021.06.29"]
[Round "6"]
[White "Roman, Rodrigo"]
[Black "Abrashkin, Boris Vladimirovich"]
[Result "0-1"]
[WhiteElo "2071"]
[BlackElo "2407"]
[PlyCount "58"]
[EventDate "2021.06.29"]
[EventType "swiss (blitz)"]
[EventRounds "11"]
[EventCountry "USA"]
[SourceTitle "CBM 203 Extra"]
[Source "ChessBase"]
[SourceDate "2021.09.30"]
[SourceVersion "1"]
[SourceVersionDate "2021.09.30"]
[SourceQuality "1"]

1. Nf3 d5 2. g3 Nf6 3. Bg2 c5 4. 0-0 Nc6 5. d4 Bg4 6. c4 Bxf3 7. Bxf3 cxd4 8. cxd5 Nxd5 9. e3 e6 10. exd4 Be7 11. Nc3 0-0 12. Nxd5 exd5 13. Bf4 Bf6 14. Be3 Qb6 15. Bxd5 Bxd4 16. Bxc6 Bxe3 17. Bg2 Bd4 18. Rb1 Rad8 19. Qf3 Rd7 20. b3 Rfd8 21. Rbe1 h6 22. Re2 Qa5 23. Rfe1 Kf8 24. Qe4 g6 25. Qf4 Kg7 26. Re7 Rxe7 27. Rxe7 Bf6 28. Rxb7 Rd1+ 29. Bf1 Rxf1+ 0-1

[Event "Titled Tuesday intern op 22nd June"]
[Site "Chess.com INT"]
[Date "2021.06.22"]
[Round "9"]
[White "Durarbayli, Vasif"]
[Black "Abrashkin, Boris Vladimirovich"]
[Result "0-1"]
[WhiteElo "2606"]
[BlackElo "2407"]
[PlyCount "78"]
[EventDate "2021.06.22"]
[EventType "swiss (blitz)"]
[EventRounds "11"]
[EventCountry "USA"]
[SourceTitle "CBM 203 Extra"]
[Source "ChessBase"]
[SourceDate "2021.09.30"]
[SourceVersion "1"]
[SourceVersionDate "2021.09.30"]
[SourceQuality "1"]

1. e4 c5 2. Nf3 Nf6 3. e5 Nd5 4. Nc3 Nxc3 5. dxc3 Nc6 6. Bc4 e6 7. 0-0 d5 8. exd6 Bxd6 9. Bg5 Qc7 10. Bh4 0-0 11. Bd3 Bf4 12. Bg3 b6 13. Bxh7+ Kxh7 14. Ng5+ Kh6 15. Qg4 e5 16. Qh4+ Kg6 17. Qh7+ Kf6 18. Bxf4 exf4 19. Ne4+ Ke7 20. Rfe1 Be6 21. Qxg7 Qe5 22. Qxe5 Nxe5 23. Nxc5 Nf3+ 24. gxf3 bxc5 25. Re4 Rg8+ 26. Kf1 Rh8 27. Rxf4 Rxh2 28. Ke2 Rg8 29. Ke3 Rg5 30. Re1 Re5+ 31. Re4 Kf6 32. b3 Bf5 33. Rxe5 Kxe5 34. Re2 Rh3 35. Kd2+ Kf4 36. Re7 Rxf3 37. Rxf7 Rxf2+ 38. Kd1 Ke3 39. Ke1 Rxc2 0-1

[Event "Titled Tuesday intern op 25th May"]
[Site "Chess.com INT"]
[Date "2021.05.25"]
[Round "2"]
[White "Kollars, Dmitrij"]
[Black "Abrashkin, Boris Vladimirovich"]
[Result "1-0"]
[WhiteElo "2607"]
[BlackElo "2407"]
[PlyCount "95"]
[EventDate "2021.05.25"]
[EventType "swiss (blitz)"]
[EventRounds "11"]
[EventCountry "USA"]
[SourceTitle "CBM 203 Extra"]
[Source "ChessBase"]
[SourceDate "2021.09.30"]
[SourceVersion "1"]
[SourceVersionDate "2021.09.30"]
[SourceQuality "1"]

1. c4 e6 2. Nf3 d5 3. g3 Nf6 4. Bg2 Be7 5. 0-0 0-0 6. b3 a5 7. Bb2 a4 8. cxd5 exd5 9. bxa4 Bd7 10. Nc3 Na6 11. Ne5 Be8 12. d4 c6 13. Qb3 Ra7 14. Ba3 Nd7 15. Nd3 Bxa3 16. Qxa3 Nb6 17. Nb2 Bd7 18. e3 Qa8 19. Qb3 Nc8 20. Rfc1 Bf5 21. Bf1 h5 22. h4 Nd6 23. Qa3 Rd8 24. Be2 g6 25. Qb3 Kg7 26. Nd3 Ne4 27. Nxe4 Bxe4 28. Nb2 Nc7 29. Qc3 Qc8 30. f3 Bf5 31. Kf2 Ne8 32. Bd1 Qe6 33. Bb3 Nd6 34. Re1 Be4 35. Kg2 Qg4 36. fxe4 Nxe4 37. Qc2 Qxg3+ 38. Kf1 Qf3+ 39. Kg1 Rd6 40. Qg2 Qf6 41. Rf1 Qxh4 42. Rf4 Qe7 43. Raf1 b5 44. axb5 cxb5 45. Rxf7+ Qxf7 46. Rxf7+ Rxf7 47. Nd3 Nf6 48. Ne5 1-0

[Event "Titled Tuesday intern op 25th May"]
[Site "Chess.com INT"]
[Date "2021.05.25"]
[Round "1"]
[White "Sarkar, Justin"]
[Black "Abrashkin, Boris Vladimirovich"]
[Result "0-1"]
[WhiteElo "2360"]
[BlackElo "2407"]
[PlyCount "78"]
[EventDate "2021.05.25"]
[EventType "swiss (blitz)"]
[EventRounds "11"]
[EventCountry "USA"]
[SourceTitle "CBM 203 Extra"]
[Source "ChessBase"]
[SourceDate "2021.09.30"]
[SourceVersion "1"]
[SourceVersionDate "2021.09.30"]
[SourceQuality "1"]

1. d4 d5 2. c4 e6 3. Nc3 c6 4. Nf3 Nf6 5. e3 Nbd7 6. b3 Bd6 7. Bd3 dxc4 8. bxc4 e5 9. 0-0 0-0 10. Ng5 h6 11. Nge4 Nxe4 12. Nxe4 Be7 13. c5 b6 14. Qc2 bxc5 15. Nxc5 Nxc5 16. dxc5 Be6 17. Rd1 Qc7 18. Ba3 Qa5 19. Qc1 Rab8 20. Be4 Qa4 21. Bc2 Qa5 22. h3 Bd5 23. Bb3 Bxb3 24. axb3 Rxb3 25. Bb2 Qxc5 26. Qxc5 Bxc5 27. Bxe5 Bb6 28. Rdc1 Rc8 29. Ra4 Rb5 30. Bd4 Kf8 31. Rac4 c5 32. Kf1 f6 33. Bc3 Ke7 34. Ke2 Ke6 35. Rd1 Rb3 36. e4 Rc7 37. Ra1 Rd7 38. Ra6 Kf7 39. Bd2 Rb2 0-1

[Event "Titled Tuesday intern op 18th May"]
[Site "Chess.com INT"]
[Date "2021.05.18"]
[Round "4"]
[White "Abrashkin, Boris Vladimirovich"]
[Black "Bluebaum, Matthias"]
[Result "0-1"]
[WhiteElo "2407"]
[BlackElo "2669"]
[PlyCount "84"]
[EventDate "2021.05.18"]
[EventType "swiss (blitz)"]
[EventRounds "11"]
[EventCountry "USA"]
[SourceTitle "CBM 202 Extra"]
[Source "ChessBase"]
[SourceDate "2021.07.31"]
[SourceVersion "1"]
[SourceVersionDate "2021.07.31"]
[SourceQuality "1"]

1. d4 d5 2. c4 e6 3. Nc3 Nf6 4. cxd5 exd5 5. Bg5 c6 6. e3 h6 7. Bh4 Be7 8. Bd3 0-0 9. Qc2 Re8 10. Nf3 Ne4 11. Bxe7 Qxe7 12. Bxe4 dxe4 13. Nd2 f5 14. 0-0 Nd7 15. Rae1 Nf6 16. f3 exf3 17. Nxf3 Be6 18. Nh4 Ng4 19. g3 Qc7 20. Qg2 Qd7 21. h3 Nf6 22. Qf3 Ne4 23. Nxe4 fxe4 24. Qh1 Bxh3 25. Rf2 Qe6 26. Ng6 Qxg6 27. Qxh3 Rf8 28. Ref1 Rxf2 29. Rxf2 Rd8 30. Kg2 Kh7 31. Qh4 Rd5 32. Qf4 Rg5 33. Qb8 c5 34. Rf8 Qe6 35. Rh8+ Kg6 36. Re8 Qxa2 37. Qd6+ Kh5 38. Rxe4 Qd5 39. Qxd5 Rxd5 40. dxc5 Rxc5 41. Kf3 Kg6 42. Re7 Rb5 0-1

[Event "Titled Tuesday intern op 18th May"]
[Site "Chess.com INT"]
[Date "2021.05.18"]
[Round "11"]
[White "Abrashkin, Boris Vladimirovich"]
[Black "Peralta, Eduardo"]
[Result "1-0"]
[WhiteElo "2407"]
[BlackElo "2218"]
[PlyCount "111"]
[EventDate "2021.05.18"]
[EventType "swiss (blitz)"]
[EventRounds "11"]
[EventCountry "USA"]
[SourceTitle "CBM 202 Extra"]
[Source "ChessBase"]
[SourceDate "2021.07.31"]
[SourceVersion "1"]
[SourceVersionDate "2021.07.31"]
[SourceQuality "1"]

1. d4 Nf6 2. c4 g6 3. Nc3 d5 4. Bf4 Bg7 5. e3 0-0 6. cxd5 Nxd5 7. Nxd5 Qxd5 8. Bxc7 Na6 9. Bxa6 bxa6 10. Nf3 Bf5 11. 0-0 Qb7 12. Bg3 Qxb2 13. Qb3 Qxb3 14. axb3 Be6 15. b4 Rfc8 16. Rfc1 Rxc1+ 17. Rxc1 Rc8 18. Rxc8+ Bxc8 19. Bb8 f5 20. Bxa7 Bb7 21. Kf1 Bd5 22. Ke2 Bf6 23. Kd3 Kf7 24. Bb8 Ke6 25. Ne1 Kd7 26. f3 e6 27. Kc3 Bg5 28. Bf4 Be7 29. Nd3 g5 30. Bb8 Kc6 31. Ba7 Bd6 32. h3 Be7 33. Bc5 Bf6 34. Nf2 Kd7 35. e4 fxe4 36. fxe4 Bb7 37. Kd3 Bc6 38. Ng4 Bb5+ 39. Ke3 Bg7 40. Ne5+ Bxe5 41. dxe5 Kc6 42. Be7 h6 43. Kf3 Bd3 44. g4 Kb5 45. Bf8 Kc4 46. Bxh6 Kxb4 47. Bxg5 Kc4 48. Bd2 Kd4 49. Kf4 Bxe4 50. h4 Kd3 51. Ba5 Bh7 52. h5 Kd4 53. g5 Kd5 54. g6 Bg8 55. h6 Kc5 56. h7 1-0

[Event "Titled Tuesday intern op 18th May"]
[Site "Chess.com INT"]
[Date "2021.05.18"]
[Round "2"]
[White "Seo, Jung Min"]
[Black "Abrashkin, Boris Vladimirovich"]
[Result "1/2-1/2"]
[WhiteElo "2453"]
[BlackElo "2407"]
[PlyCount "55"]
[EventDate "2021.05.18"]
[EventType "swiss (blitz)"]
[EventRounds "11"]
[EventCountry "USA"]
[SourceTitle "CBM 202 Extra"]
[Source "ChessBase"]
[SourceDate "2021.07.31"]
[SourceVersion "1"]
[SourceVersionDate "2021.07.31"]
[SourceQuality "1"]

1. Nf3 d5 2. c4 e6 3. g3 Nf6 4. Bg2 Be7 5. 0-0 0-0 6. d4 c6 7. Qc2 b6 8. Nbd2 Bb7 9. e4 Na6 10. e5 Nd7 11. cxd5 cxd5 12. a3 Rc8 13. Qd1 Qc7 14. Re1 Qc2 15. Qe2 Nab8 16. Qe3 Ba6 17. h4 Nc6 18. h5 h6 19. Nh2 Qd3 20. Ndf3 Qxe3 21. Bxe3 Na5 22. Rec1 Nb3 23. Rxc8 Rxc8 24. Rb1 Bd3 25. Rd1 Bh7 26. Ne1 b5 27. Bf1 a6 28. Bd3 1/2-1/2

[Event "Titled Tuesday intern op 27th Apr"]
[Site "Chess.com INT"]
[Date "2021.04.27"]
[Round "10"]
[White "Abrashkin, Boris Vladimirovich"]
[Black "Nilsen, Tobias Lang"]
[Result "1-0"]
[WhiteElo "2407"]
[BlackElo "2169"]
[PlyCount "101"]
[EventDate "2021.04.27"]
[EventType "swiss (blitz)"]
[EventRounds "11"]
[EventCountry "USA"]
[SourceTitle "CBM 202 Extra"]
[Source "ChessBase"]
[SourceDate "2021.07.31"]
[SourceVersion "1"]
[SourceVersionDate "2021.07.31"]
[SourceQuality "1"]

1. d4 e6 2. c4 Nf6 3. Nc3 c5 4. d5 exd5 5. cxd5 d6 6. Nf3 g6 7. Bf4 Bg7 8. Qa4+ Bd7 9. Qb3 b5 10. Bxd6 Qb6 11. Be5 0-0 12. e3 c4 13. Qd1 Re8 14. Be2 Bg4 15. Bd4 Qb7 16. h3 Bf5 17. 0-0 Nbd7 18. Nh4 Be4 19. Bf3 Bxf3 20. Nxf3 b4 21. Na4 Qxd5 22. Rc1 Rac8 23. Nd2 a5 24. Qf3 Qb5 25. Qd1 Red8 26. Qc2 c3 27. bxc3 Ne5 28. c4 Qe8 29. Nb6 Rc6 30. c5 Nd5 31. Nxd5 Rxd5 32. Nc4 Nd7 33. Nxa5 Rc8 34. Nb3 Ne5 35. Bxe5 Qxe5 36. Rfd1 h5 37. Rxd5 Qxd5 38. Qc4 Qc6 39. Qxb4 Kh8 40. Qb6 Qd5 41. c6 Be5 42. c7 Rxc7 43. Qb8+ Kh7 44. Rf1 Rc1 45. Qb4 Rxf1+ 46. Kxf1 Qd1+ 47. Qe1 Qd3+ 48. Kg1 Bc3 49. Qc1 Be5 50. Nc5 Bd6 51. Nxd3 1-0

[Event "Titled Tuesday intern op 27th Apr"]
[Site "Chess.com INT"]
[Date "2021.04.27"]
[Round "5"]
[White "Abrashkin, Boris Vladimirovich"]
[Black "Temirkanov, David"]
[Result "1-0"]
[WhiteElo "2407"]
[BlackElo "2282"]
[PlyCount "57"]
[EventDate "2021.04.27"]
[EventType "swiss (blitz)"]
[EventRounds "11"]
[EventCountry "USA"]
[SourceTitle "CBM 202 Extra"]
[Source "ChessBase"]
[SourceDate "2021.07.31"]
[SourceVersion "1"]
[SourceVersionDate "2021.07.31"]
[SourceQuality "1"]

1. d4 d5 2. c4 Nc6 3. cxd5 Qxd5 4. e3 e5 5. Nc3 Bb4 6. a3 Bxc3+ 7. bxc3 Nf6 8. Nf3 0-0 9. Be2 Bg4 10. 0-0 Rad8 11. Bb2 e4 12. Nd2 Bxe2 13. Qxe2 h5 14. c4 Qf5 15. Rad1 Rfe8 16. h3 b6 17. Nb1 Ne7 18. Nc3 Ng6 19. d5 Nh4 20. Kh1 Ng4 21. Nb5 Nf3 22. Nxc7 Re7 23. Nb5 Rc8 24. Nd6 Qd7 25. Nxc8 Qxc8 26. d6 Rd7 27. gxf3 Ne5 28. Bxe5 Rxd6 29. Kh2 1-0

[Event "Titled Tuesday intern op 27th Apr"]
[Site "Chess.com INT"]
[Date "2021.04.27"]
[Round "4"]
[White "Manafov, Vugar Gulam"]
[Black "Abrashkin, Boris Vladimirovich"]
[Result "1-0"]
[WhiteElo "2236"]
[BlackElo "2407"]
[PlyCount "85"]
[EventDate "2021.04.27"]
[EventType "swiss (blitz)"]
[EventRounds "11"]
[EventCountry "USA"]
[SourceTitle "CBM 202 Extra"]
[Source "ChessBase"]
[SourceDate "2021.07.31"]
[SourceVersion "1"]
[SourceVersionDate "2021.07.31"]
[SourceQuality "1"]

1. d4 d5 2. c4 e6 3. Nc3 c6 4. e3 Nf6 5. Nf3 Nbd7 6. Qc2 Bd6 7. Bd3 dxc4 8. Bxc4 e5 9. 0-0 0-0 10. Rd1 Qc7 11. h3 exd4 12. exd4 Nb6 13. Bb3 h6 14. Ne4 Nxe4 15. Qxe4 Be6 16. Bxe6 fxe6 17. Qxe6+ Kh8 18. Be3 Nd5 19. Re1 Rae8 20. Qg6 Re7 21. Bd2 Ref7 22. Re2 Rf6 23. Qh5 Bf4 24. Ne5 Bxe5 25. dxe5 Rf5 26. Qh4 Rxe5 27. Bxh6 gxh6 28. Qd4 Rff5 29. Rae1 c5 30. Qh4 Rxe2 31. Rxe2 Qg7 32. Re8+ Kh7 33. Qe4 Qf7 34. g4 Kg7 35. gxf5 Nf6 36. Qg2+ Kh7 37. Qg6+ Qxg6+ 38. fxg6+ Kxg6 39. Re7 b6 40. Rxa7 Kf5 41. a4 Nd5 42. a5 bxa5 43. Rxa5 1-0